Loading...
| Fine Arts - Visual | 0 | 10 | 0 | 0 | 100 | 38 | 71.70 | 4 | 9 | 0.00 | 0.00 |
| History - European | 0 | 8 | 0 | 2 | 80 | 49 | 91.75 | 4 | 5 | 0.00 | 0.00 |
| History - Other | 0 | 6 | 0 | 1 | 60 | 42 | 66.00 | 3 | 5 | 0.00 | 0.00 |
| Literature - World/Other | 0 | 6 | 0 | 0 | 60 | 48 | 93.67 | 2 | 3 | 0.00 | 0.00 |
| History - World | 0 | 6 | 1 | 1 | 55 | 34 | 83.50 | 2 | 4 | 0.00 | 0.00 |
| Religion | 0 | 5 | 1 | 0 | 45 | 41 | 80.40 | 1 | 5 | 0.00 | 0.00 |
| Social Science | 0 | 4 | 0 | 0 | 40 | 73 | 84.00 | 1 | 4 | 0.00 | 0.00 |
| Philosophy | 0 | 4 | 0 | 1 | 40 | 89 | 111.50 | 1 | 4 | 0.00 | 0.00 |
| Fine Arts - Classical Music | 0 | 4 | 1 | 1 | 35 | 12 | 81.75 | 2 | 2 | 0.00 | 0.00 |
| History - American | 0 | 4 | 1 | 0 | 35 | 30 | 80.25 | 0 | 4 | 0.00 | 0.00 |
| Fine Arts - Other | 0 | 4 | 2 | 0 | 30 | 4 | 71.75 | 2 | 4 | 0.00 | 0.00 |
| Geography/Current Events | 0 | 3 | 1 | 0 | 25 | 72 | 90.33 | 0 | 1 | 0.00 | 0.00 |
| Mythology | 0 | 3 | 1 | 0 | 25 | 55 | 80.67 | 1 | 2 | 0.00 | 0.00 |
| Literature - European | 0 | 2 | 0 | 0 | 20 | 62 | 90.50 | 0 | 1 | 0.00 | 0.00 |
| Science - Chemistry | 0 | 2 | 0 | 1 | 20 | 97 | 109.50 | 0 | 0 | 0.00 | 0.00 |
| Science - Other | 0 | 2 | 0 | 0 | 20 | 87 | 94.50 | 0 | 1 | 0.00 | 0.00 |
| Science - Biology | 0 | 2 | 0 | 1 | 20 | 106 | 110.00 | 0 | 1 | 0.00 | 0.00 |
| Literature - British | 0 | 2 | 0 | 0 | 20 | 66 | 101.00 | 1 | 1 | 0.00 | 0.00 |
| Literature - American | 0 | 2 | 0 | 0 | 20 | 55 | 94.00 | 1 | 1 | 0.00 | 0.00 |
| Science - Physics | 0 | 1 | 0 | 1 | 10 | 138 | 138.00 | 0 | 0 | 0.00 | 0.00 |